00367nam a2200109Ia 4500008004100000082000800041100002900049245006100078942000600139952009700145999001500242240331s9999 xx 000 0 und d bPOR aVimukthi Dharma Kendraya 0aPora samathanama? :bIllankaiyin thesiya Inapprachchanai cL 001040708LaWERCLbWERCLcSSCd2024-03-31l0o 305.8 PORp1420r2024-03-31w2024-03-31yL c2033d2033